Piłkarska kariera Erica Abidala. - Statystyki

Ogólne statystyki
  • Ten quiz został rozwiązany 54 razy
  • Średni wynik to 3 z 7
Statystyki odpowiedzi
Lata Drużyna % Poprawnych
2007-2013 Barcelona
98%
2000-2002 Monaco
49%
2013-2014 Monaco
49%
2004-2007 Olympique Lyon
22%
2014-2015 Olympiakos
16%
2002-2004 Lille
14%
?-2000 Lyon-Duchere
4%
Nie znaleziono quizów pasujących do podanych kryteriów
Rozkład punktacji
Procent ludzi z każdym wynikiem
Percentyl według liczby udzielonych odpowiedzi
Twoja historia wyników
Nie rozwiązałeś tego quizu